<?xml version="1.0" encoding="UTF-8"?>
<record
    xmlns:xsi="http://www.w3.org/2001/XMLSchema-instance"
    xsi:schemaLocation="http://www.loc.gov/MARC21/slim http://www.loc.gov/standards/marcxml/schema/MARC21slim.xsd"
    xmlns="http://www.loc.gov/MARC21/slim">

  <leader>04681cam a2200325   4500500</leader>
  <controlfield tag="005">20260524000703.0</controlfield>
  <datafield tag="041" ind1=" " ind2=" ">
    <subfield code="a">fre</subfield>
  </datafield>
  <datafield tag="042" ind1=" " ind2=" ">
    <subfield code="a">dc</subfield>
  </datafield>
  <datafield tag="100" ind1="1" ind2="0">
    <subfield code="a">Lain&#xE9;, Anne</subfield>
    <subfield code="e">author</subfield>
  </datafield>
  <datafield tag="245" ind1="0" ind2="0">
    <subfield code="a">Atypies et moments mutatifs dans le travail orthophonique avec des enfants sans langage</subfield>
  </datafield>
  <datafield tag="260" ind1=" " ind2=" ">
    <subfield code="c">2006.
							</subfield>
  </datafield>
  <datafield tag="500" ind1=" " ind2=" ">
    <subfield code="a">57</subfield>
  </datafield>
  <datafield tag="520" ind1=" " ind2=" ">
    <subfield code="a">R&#xE9;sum&#xE9;Ma recherche porte sur l&#x2019;observation et l&#x2019;analyse de cas cliniques de jeunes enfants sans langage, venant consulter avec leurs familles un orthophoniste. Trois cas sont expos&#xE9;s&#xA0;: trois jeunes gar&#xE7;ons (de deux ans cinq mois, &#xE0; trois ans cinq mois) pr&#xE9;sentant un sympt&#xF4;me commun&#xA0;: une absence de langage. La m&#xE9;thodologie a consist&#xE9; &#xE0; recueillir des corpus et &#xE0; proc&#xE9;der &#xE0; leur analyse. La mise en r&#xE9;cit des th&#xE9;rapies permet de rep&#xE9;rer les &#xE9;tapes de progression et les difficult&#xE9;s de communication de chacun. Puis, l&#x2019;&#xE9;tude de s&#xE9;ances vid&#xE9;oscop&#xE9;es apporte un &#xE9;clairage sur les ph&#xE9;nom&#xE8;nes de continuit&#xE9; et de rupture dans les relations. Des &#xE9;tudes comparatives entre les enfants sont ensuite men&#xE9;es. Elles s&#x2019;appuient sur l&#x2019;analyse de quelques items-cl&#xE9; concernant le d&#xE9;veloppement de la communication et du langage. Ce travail a permis r&#xE9;trospectivement&#xA0;: de relever les signes montrant les possibilit&#xE9;s d&#x2019;&#xE9;volution de chaque enfant et le degr&#xE9; de gravit&#xE9; du trouble&#xA0;; de constater l&#x2019;intrication complexe des divers facteurs d&#xE9;terminant ce trouble de langage&#xA0;; de confirmer les effets b&#xE9;n&#xE9;fiques d&#x2019;une intervention orthophonique pr&#xE9;coce.</subfield>
  </datafield>
  <datafield tag="520" ind1=" " ind2=" ">
    <subfield code="a">Atipics and changing moments in the orthophonic work with languageless childrenMy research deals with the observation and the analysis of clinical case studies of young children without language use who have come to consult a speech therapist with their families. Three cases are presented: three young boys (from age two years five month to three years five months) presenting a common symptom&#xA0;: languagelessness. The research methodology consisted of gathering the session material for each child and proceeding with their analysis. Writing up the therapies makes possible to discern the stages of progression and the communication difficulties of each child. Then follows the study of videotaped sessions which offers new information regarding the phenomena of continuity and of brake offs in relationships. Comparative studies among the children are then carried out. They are based on the analysis of several key items concerning the development of communication and of language. In retrospect, the work made possible&#xA0;: to disclose signs indicating possibilities of evolution in each child and the gravity of the trouble&#xA0;; to observe the complex intrication of different factors which determine language troubles&#xA0;; to confirm the beneficial effects of early interventions in speech therapy.</subfield>
  </datafield>
  <datafield tag="520" ind1=" " ind2=" ">
    <subfield code="a">Atip&#xED;as y momentos mutativos en el trabajo ortof&#xF3;nico con ni&#xF1;os sin lenguajeMi busqueda trata de la observaci&#xF3;n y del an&#xE1;lisis de casos cl&#xED;nicos de ni&#xF1;os sin lenguaje, que consultan, con sus familias, a un ortofonista. Se exponen tres casos&#xA0;: tres ni&#xF1;os varones (de dos a&#xF1;os y cinco meses, hasta tres a&#xF1;os y cinco meses) con un s&#xED;ntoma com&#xFA;n&#xA0;: una ausencia de lenguaje. La metodolog&#xED;a consiste en recoger varios corpus y proceder a su an&#xE1;lisis. La puesta en forma de relato de las terapias permite se&#xF1;alar las etapas de progresi&#xF3;n y las dificultades de comunicaci&#xF3;n de cada uno. Despues, el estudio de video-secuencias trae una luz sobre los fen&#xF3;menos de continuidad y de ruptura en las relaciones. Sigue la elaboraci&#xF3;n de estudios comparativos entre los ni&#xF1;os. Los estudios se apoyan en el an&#xE0;lisis de algunos items- claves acerca del desarrollo de la comunicaci&#xF3;n y del lenguaje. Retrospectivamente, este trabajo permiti&#xF3;&#xA0;: apuntar los signos que muestran las posibilidades de evoluci&#xF3;n de cada ni&#xF1;o y el grado de gravedad del trastorno&#xA0;; constatar la imbricaci&#xF3;n compleja de los diversos factores determinando este trastorno de lenguaje.&#xA0;; confirmar los efectos ben&#xE9;ficos de una intervenci&#xF3;n precoz ortof&#xF3;nica.</subfield>
  </datafield>
  <datafield tag="690" ind1=" " ind2=" ">
    <subfield code="a">absence de langage</subfield>
  </datafield>
  <datafield tag="690" ind1=" " ind2=" ">
    <subfield code="a">attention conjointe</subfield>
  </datafield>
  <datafield tag="690" ind1=" " ind2=" ">
    <subfield code="a">interactions</subfield>
  </datafield>
  <datafield tag="690" ind1=" " ind2=" ">
    <subfield code="a">interventions pr&#xE9;coces</subfield>
  </datafield>
  <datafield tag="690" ind1=" " ind2=" ">
    <subfield code="a">jeunes enfants</subfield>
  </datafield>
  <datafield tag="690" ind1=" " ind2=" ">
    <subfield code="a">th&#xE9;rapie du langage</subfield>
  </datafield>
  <datafield tag="690" ind1=" " ind2=" ">
    <subfield code="a">children</subfield>
  </datafield>
  <datafield tag="690" ind1=" " ind2=" ">
    <subfield code="a">early interventions</subfield>
  </datafield>
  <datafield tag="690" ind1=" " ind2=" ">
    <subfield code="a">interactions</subfield>
  </datafield>
  <datafield tag="690" ind1=" " ind2=" ">
    <subfield code="a">joint attention</subfield>
  </datafield>
  <datafield tag="690" ind1=" " ind2=" ">
    <subfield code="a">languagelessness</subfield>
  </datafield>
  <datafield tag="690" ind1=" " ind2=" ">
    <subfield code="a">speech therapy</subfield>
  </datafield>
  <datafield tag="786" ind1="0" ind2=" ">
    <subfield code="n">L'autre | Volume 7 | 2 | 2006-06-01 | p. 311-316 | 1626-5378</subfield>
  </datafield>
  <datafield tag="856" ind1="4" ind2="1">
    <subfield code="u">https://shs.cairn.info/revue-l-autre-2006-2-page-311?lang=fr&amp;redirect-ssocas=7080</subfield>
  </datafield>
  <datafield tag="999" ind1=" " ind2=" ">
    <subfield code="c">2252730</subfield>
    <subfield code="d">2252730</subfield>
  </datafield>
</record>
